00518 2200193 4500001002100000005001700021008004100038035002400079040001200103082000800115090001500123100002500138245006000163260004100223300001900264650001700283850001200300990001200312YOGYA-0612000000075520120611225957.0 ger  0010-061200000000753 aYOPDYOG a831 a831bGol S aGOLDFCHEIDER, Hudwig aDie Schonsten Deutschen gedichte /cHudwig Goldfcheider aHeipaigbPhaidon-Verlag-Wienc[s.a.] a486 hlmc21 cm aPuisi Jerman aYOPDYOG a42518-a